Kursus penilaian bangunan strata - Pembantu penilaian : 9 - 12 Mac 2015

Bibliographic Details
Corporate Authors: Kursus penilaian bangunan strata - Pembantu penilaian, INSPEN ( Institut Penilaian Negara )
Format: Book
Language:Malay
Published: Bangi : Institut Penilaian Negara , 2015
Subjects:

MARC

LEADER 00000cam a2200000 7i4500
001 0000026885
005 20160513.0
008 160513 my a may
040 |a INS 
090 0 0 |a VO298 
110 1 |a Kursus penilaian bangunan strata - Pembantu penilaian ,   |d 2015 9 - 12 Mac   |c INSPEN, Bangi 
245 0 0 |a Kursus penilaian bangunan strata - Pembantu penilaian :   |b 9 - 12 Mac 2015   |c Anjuran Pusat Penilaian dan Perkhidmatan Harta, INSPEN 
260 |a Bangi :   |b Institut Penilaian Negara ,   |c 2015 
300 |a 1v. (Various pagings) :   |b pic., ill., map ;   |c 30 cm. 
650 0 |a Building   |x Valuation 
710 1 |a INSPEN ( Institut Penilaian Negara ) 
999 |a VO00000813   |b BOOK   |c Course Notes   |e Default branch 
999 |a VO00000814   |b BOOK   |c Course Notes   |e Default branch 
999 |a VO00000815   |b BOOK   |c Course Notes   |e Default branch